00728nam a2200253 a 4500999001700000001000800017003000400025005001700029008004100046010001700087020001300104040000900117043001200126082002000138100002800158245007500186260003400261300001000295500002000305504003000325650002800355906004500383942004600428 c20906d209063766188OSt20200611144440.0830803s1982 ii fab b 001 0 eng  a 82900010  cRs300.00 coclc aa-ii---00a709.5483bBER/T aBernier, Ronald M9279510aTemple arts of Kerala :ba South Indian tradition /cRonald M. Bernier aNew Delhi :bS. Chand,c1982. a131 p aIncludes index. aBibliography: p. 125-127. 0aTempleszIndiazKerala. a7bcbccorignewd3encipf19gy-gencatlg 2ddccBKh709.5483iBER/Tk709.5483mBER/T